Radical Writing on Women, 1800-1850 : (Record no. 11397)
[ view plain ]
| 000 -LEADER | |
|---|---|
| fixed length control field | 01657cam a22003614a 4500 |
| 001 - CONTROL NUMBER | |
| control field | 12654653 |
| 005 - DATE AND TIME OF LATEST TRANSACTION | |
| control field | 20050110115605.0 |
| 008 - FIXED-LENGTH DATA ELEMENTS--GENERAL INFORMATION | |
| fixed length control field | 020124s2002 enk b 001 0 eng |
| 010 ## - LIBRARY OF CONGRESS CONTROL NUMBER | |
| LC control number | 2002019512 |
| 020 ## - INTERNATIONAL STANDARD BOOK NUMBER | |
| International Standard Book Number | 033372612X (cloth) |
| 020 ## - INTERNATIONAL STANDARD BOOK NUMBER | |
| International Standard Book Number | 0333726138 (paperback) |
| 020 ## - INTERNATIONAL STANDARD BOOK NUMBER | |
| International Standard Book Number | 0333726138 |
| 040 ## - CATALOGING SOURCE | |
| Original cataloging agency | DLC |
| Transcribing agency | DLC |
| Modifying agency | DLC |
| 042 ## - AUTHENTICATION CODE | |
| Authentication code | pcc |
| 050 00 - LIBRARY OF CONGRESS CALL NUMBER | |
| Classification number | HQ1154 |
| Item number | .R28 2002 |
| 082 00 - DEWEY DECIMAL CLASSIFICATION NUMBER | |
| Classification number | 305.409034 |
| Edition number | 21 |
| Item number | RAD |
| 245 00 - TITLE STATEMENT | |
| Title | Radical Writing on Women, 1800-1850 : |
| Remainder of title | An Anthology / |
| Statement of responsibility, etc | [compiled by] Kathryn Gleadle. |
| 260 ## - PUBLICATION, DISTRIBUTION, ETC. (IMPRINT) | |
| Place of publication, distribution, etc | Houndsmills, Basingstoke, Hamps. ; |
| -- | New York : |
| Name of publisher, distributor, etc | Palgrave MacMillan, |
| Date of publication, distribution, etc | c2002. |
| 300 ## - PHYSICAL DESCRIPTION | |
| Extent | vii, 239 p. ; |
| Dimensions | 22 cm. |
| 504 ## - BIBLIOGRAPHY, ETC. NOTE | |
| Bibliography, etc | Includes bibliographical references (p. 220-232) and index. |
| 650 #0 - SUBJECT ADDED ENTRY--TOPICAL TERM | |
| Topical term or geographic name as entry element | Women |
| General subdivision | History |
| Chronological subdivision | 19th century. |
| 9 (RLIN) | 4122 |
| 650 #0 - SUBJECT ADDED ENTRY--TOPICAL TERM | |
| Topical term or geographic name as entry element | Women |
| General subdivision | History |
| Chronological subdivision | 19th century |
| Form subdivision | Sources. |
| 9 (RLIN) | 4123 |
| 650 #0 - SUBJECT ADDED ENTRY--TOPICAL TERM | |
| Topical term or geographic name as entry element | Women |
| General subdivision | Social conditions |
| Chronological subdivision | 19th century. |
| 9 (RLIN) | 4124 |
| 650 #0 - SUBJECT ADDED ENTRY--TOPICAL TERM | |
| Topical term or geographic name as entry element | Feminism |
| General subdivision | History |
| Chronological subdivision | 19th century. |
| 9 (RLIN) | 4125 |
| 650 #0 - SUBJECT ADDED ENTRY--TOPICAL TERM | |
| Topical term or geographic name as entry element | Sex role |
| General subdivision | History |
| Chronological subdivision | 19th century. |
| 9 (RLIN) | 4126 |
| 700 1# - ADDED ENTRY--PERSONAL NAME | |
| Personal name | Gleadle, Kathryn. |
| 9 (RLIN) | 4127 |
| 856 42 - ELECTRONIC LOCATION AND ACCESS | |
| Materials specified | Contributor biographical information |
| Uniform Resource Identifier | <a href="http://www.loc.gov/catdir/bios/hol051/2002019512.html">http://www.loc.gov/catdir/bios/hol051/2002019512.html</a> |
| 856 41 - ELECTRONIC LOCATION AND ACCESS | |
| Materials specified | Table of contents |
| Uniform Resource Identifier | <a href="http://www.loc.gov/catdir/toc/hol041/2002019512.html">http://www.loc.gov/catdir/toc/hol041/2002019512.html</a> |
| 856 42 - ELECTRONIC LOCATION AND ACCESS | |
| Materials specified | Publisher description |
| Uniform Resource Identifier | <a href="http://www.loc.gov/catdir/description/hol031/2002019512.html">http://www.loc.gov/catdir/description/hol031/2002019512.html</a> |
| 942 ## - ADDED ENTRY ELEMENTS (KOHA) | |
| Source of classification or shelving scheme | Dewey Decimal Classification |
| Item type | Book - Borrowing |
| Withdrawn status | Item status | Source of classification or shelving scheme | Damaged status | Not for loan | Vendor | Home library | Current library | Shelving location | Date acquired | Source of acquisition | Cost, normal purchase price | Serial Enumeration / chronology | Total Checkouts | Total Renewals | Full call number | Barcode | Date last seen | Date last borrowed | Koha item type |
|---|---|---|---|---|---|---|---|---|---|---|---|---|---|---|---|---|---|---|---|
| Dewey Decimal Classification | Central Library | Central Library | First floor | 23/04/2009 | 170.00 | 7190 | 1 | 2 | 305.409034 RAD | 000015553 | 15/07/2025 | 02/10/2012 | Book - Borrowing |